000
00325nam a2200121Ia 4500
008
180205s9999 xx 000 0 und d
020
_a
9781260083705
100
_a
Mason, Kenneth A.
245
_a
Understanding biology /
250
_a
2nd ed
260
_a
New york :
_b
Mc Graw Hill education
_c
2018
300
_a
iii, 995 pages
999
_c
354910
_d
354910